|
|
|
|
| LEADER |
00775cam a2200169ua 4500 |
| 999 |
|
|
|c 16998
|d 16998
|
| 020 |
|
|
|a 81-240-1652-6
|
| 082 |
|
|
|a M305.512209
|b LOH/I
|
| 100 |
0 |
|
|a ലോഹിതാക്ഷൻ,എ.കെ (Lohithakshan, A.K)
|
| 245 |
1 |
0 |
|a ഇന്ത്യയിലെ ജാതി വ്യവസ്ഥ:ഋഗ്വേദം മുതൽ ഭരണഘടന വരെ (Indiayile jaathivyavastha: Rigvedam muthal Bharanaghatana vare)
|
| 260 |
|
|
|a Kottayam
|b Current Books
|c 2006
|
| 300 |
|
|
|a 64p.
|
| 650 |
0 |
|
|a Indian constitution
|a rigveda-caste system
|
| 650 |
0 |
|
|a India
|
| 650 |
0 |
|
|a Caste system-India-vedic period
|
| 942 |
|
|
|c BK
|
| 952 |
|
|
|0 0
|1 0
|4 0
|6 M_305_512209000000000_LOH_I
|7 0
|9 17729
|a KUCL
|c M
|d 2014-05-23
|g 35.00
|l 1
|m 1
|o M305.512209 LOH/I
|p 18411
|r 2017-03-08
|s 2017-01-30
|y BK
|